Li-Fi (Record no. 12937)
[ view plain ]
| 000 -LEADER | |
|---|---|
| fixed length control field | 00398nam a22001337a 4500 |
| 082 ## - DEWEY DECIMAL CLASSIFICATION NUMBER | |
| Classification number | BEE-2 RIZ |
| 100 ## - MAIN ENTRY--PERSONAL NAME | |
| Personal name | Rizwan Hanif |
| 9 (RLIN) | 93074 |
| 245 ## - TITLE STATEMENT | |
| Title | Li-Fi |
| 260 ## - PUBLICATION, DISTRIBUTION, ETC. | |
| Place of publication, distribution, etc. | Islamabad |
| Name of publisher, distributor, etc. | NUST-SEECS |
| Date of publication, distribution, etc. | 2014 |
| 500 ## - GENERAL NOTE | |
| General note | Supervisor: Dr. Usman Younis |
| 700 ## - ADDED ENTRY--PERSONAL NAME | |
| Personal name | Rizwan Hanif, Syed Dawar Zaman, Mohammad Uzair Aslam |
| 9 (RLIN) | 93075 |
| 856 ## - ELECTRONIC LOCATION AND ACCESS | |
| Uniform Resource Identifier | <a href=" http://10.250.8.41:8080/xmlui/handle/123456789/9205"> http://10.250.8.41:8080/xmlui/handle/123456789/9205</a> |
| 942 ## - ADDED ENTRY ELEMENTS (KOHA) | |
| Koha item type | Project Report |
| Source of classification or shelving scheme | |
| Withdrawn status | Lost status | Source of classification or shelving scheme | Damaged status | Not for loan | Permanent Location | Current Location | Shelving location | Date acquired | Full call number | Barcode | Date last seen | Price effective from | Koha item type |
|---|---|---|---|---|---|---|---|---|---|---|---|---|---|
| WITHDRAWN | Central Library (CL) | Central Library (CL) | General Stacks | 10/12/2014 | BEE-2 RIZ | SEECSP01564 | 10/12/2014 | 10/12/2014 | Project Report |
